1778 1206 1225 1422 1600 1740 1503 1010 1028 1282 1870 1539 1606 1801 1953 1364 1318 1274 1939 1815 1941 1978 1604 1649 1476 1544 1115 1316 1925 1425 1863 1607 1359 1725 1579 1837 1095 1963 1802 1331 1543 1624 1960 1379 1057 1762 1593 1100 1250 1250 1365 1348 1901 1159 1922 1981 1366 1122 1546 1209 1306 1522 1338 1852 1447 1418 1188 1273 1076 1792 1923 1462 1378 1613 1087 1526 1793 1292 1670 1720 1245 1931 1905 1522 1636 1980 1087 1847 1026 1389 1282 1507 1964 1205 1943 1752 1062 1622 1885 BCNSPRNW ULIB Ver.6.0+V

เปลี่ยนเป็นภาษาไทย

Change to English
 แสดงรายละเอียดบรรณานุกรม
  กลับหน้าหลัก

Brief Record : Get Marc (ISO 2709) : E-mail record : QR code < ปิดหน้าต่าง
LEADER : 00000nam 2200000uu 4500
001    13399120048
003     ULIB
008    120824s2546||||th 000 0 tha d
020    ^a9749125843
099    ^aนว.^bน418ร
100    ^aนันทนา วีระชน
245    ^aรักนี้หัวใจเราจอง/^cนันทนา วีระชน
260    ^aกรุงเทพฯ :^bสถาพรบุุ๊ค,^c2546
300    ^a488 หน้า
945    ^p250^l0^i020192
999    ^aใช้งานได้ทุกระบบ
รายการนี้ยังไม่มีแท็ก
คุณยังไม่ได้ล็อกอิน คุณสามารถมีกิจกรรมร่วมกับเว็บไซต์ได้ แต่ต้องล็อกอินก่อน ::
  ล็อกอิน

รายการสื่อสารสนเทศ

ลำดับที่ ประเภท เลขเรียก/บาร์โค้ด สถานที่ สถานะ
- ไม่พบข้อมูล -

รายการใกล้เคียง
    ผู้แต่ง [นันทนา วีระชน]

BibComment


ยังไม่เคยถูกคอมเมนท์

คอมเมนท์ทรัพยากรรายการนี้
  คอมเมนท์: รักนี้หัวใจเราจอ..


 Copyright 2026. Bcnsprnw @Library